Flash protection (Record no. 117454)

MARC details
000 -LEADER
fixed length control field 01357cam a2200217 4500
001 - CONTROL NUMBER
control field ABS@61468
008 - FIXED-LENGTH DATA ELEMENTS--GENERAL INFORMATION
fixed length control field 040602n2004 000 0 eng u
035 ## - SYSTEM CONTROL NUMBER
System control number (Sirsi) u126386
245 ## - TITLE STATEMENT
Title Flash protection
260 ## - PUBLICATION, DISTRIBUTION, ETC.
Date of publication, distribution, etc. 2004
490 ## - SERIES STATEMENT
Series statement Premises and Facilities Management
Volume/sequential designation May 2004, 38(1)
520 ## - SUMMARY, ETC.
Summary, etc. Describes the problem of lightning damage to businesses in the context of a new device that prevents accumulation of electrical discharge. The Dissipation Array System (DAS) uses a charge transfer technology centred on a natural phenomenon known as the point discharge principle. The DAS employs this by providing thousands of engineering points with specific point separation which simultaneously produce ions over a large area. This prevents the formation of a streamer which is the precursor of a lightning strike. Thousands of DAS systems have already been installed worldwide in various applications. For more information visit www.lightningeliminators.com.
590 ## - LOCAL NOTE (RLIN)
Local note ABS
590 ## - LOCAL NOTE (RLIN)
Local note ABS
650 ## - SUBJECT ADDED ENTRY--TOPICAL TERM
Topical term or geographic name entry element LIGHTNING PROTECTION
650 ## - SUBJECT ADDED ENTRY--TOPICAL TERM
Topical term or geographic name entry element LIGHTNING
690 ## - LOCAL SUBJECT ADDED ENTRY--TOPICAL TERM (OCLC, RLIN)
Topical term or geographic name as entry element ENVIRONMENT-MANAGEMENT
856 ## - ELECTRONIC LOCATION AND ACCESS
Host name http://www.lightningeliminators.com
Public note View the Lightning Eliminators anbd Consultants Inc website...
856 ## - ELECTRONIC LOCATION AND ACCESS
Host name http://www.lightningeliminators.com
Public note View the Lightning Eliminators anbd Consultants Inc website...
942 ## - ADDED ENTRY ELEMENTS (KOHA)
Suppress in OPAC 0
Holdings
Withdrawn status Lost status Source of classification or shelving scheme Damaged status Not for loan Home library Current library Shelving location Date acquired Total Checkouts Full call number Barcode Date last seen Copy number Price effective from Koha item type
    Other/Generic Classification Scheme     London London Journal article 02/06/2004   ABS61468 126386-1001 06/08/2019 1 06/08/2019 Journal article